000 00592nam a22002057a 4500
003 OSt
005 20160316123050.0
008 160316b xxu||||| |||| 00| 0 eng d
020 _a013127678
040 _cDDC.
082 _a658GEO 2005.
100 _aGeorge,M.Jennifer;Jones,R.Gareth;
_97240
245 _aUnderstanding and managing Organisational Behavior.
250 _a4th ed.
260 _aNew Jersey.
_bPearson Prentice Hall.
_c2005.
300 _axxv,656p;
_bcol,ill;
_c28cm.
504 _aincludes,appendix,reference and index.
650 _aManagement.
_9364
942 _2ddc
_cSLOAN
999 _c3281
_d3281